KOHA-Header-6

Practical Marketing Research (Record no. 12369)

000 -LEADER
fixed length control field 00203nam a22000977a 4500
020 ## - INTERNATIONAL STANDARD BOOK NUMBER
ISBN 9780131459540
082 ## - DEWEY DECIMAL CLASSIFICATION NUMBER
Classification number 658.8
100 ## - MAIN ENTRY--AUTHOR NAME
Personal name Neil B. Holbert
245 ## - TITLE STATEMENT
Title Practical Marketing Research
942 ## - ADDED ENTRY ELEMENTS (KOHA)
Koha item type Books
Holdings
Withdrawn status Lost status Collection code Permanent Location Current Location Shelving location Date acquired Full call number Accession Number Koha item type
    Marketing MAJU MAJU   2020-03-13 658.8 4139 Marketing

Powered by Koha